El origen de la hermenéutica de sí : (Record no. 193154)

MARC details
000 -CABECERA
campo de control de longitud fija 00723nam a2200229 u 4500
005 - FECHA Y HORA DE LA ÚLTIMA TRANSACCIÓN
campo de control 20240924070612.0
008 - ELEMENTOS DE LONGITUD FIJA--INFORMACIÓN GENERAL
campo de control de longitud fija 171017s2016 r 000 0 eng d
020 ## - NÚMERO INTERNACIONAL NORMALIZADO PARA LIBROS
Número Internacional Estándar del Libro 9786070307546
035 ## - NÚMERO DE CONTROL DEL SISTEMA
Número de control de sistema UPN01000221055
049 ## - COLECCIÓN
Colección CG
050 #4 - SIGNATURA TOPOGRÁFICA DE LA BIBLIOTECA DEL CONGRESO
Número de clasificación BD222
Número de documento/Ítem F6.6
100 1# - ASIENTO PRINCIPAL--NOMBRE PERSONAL
Nombre de persona Foucault, Michel,
Fechas asociadas al nombre 1926-1984
245 13 - MENCIÓN DE TÍTULO
Título El origen de la hermenéutica de sí :
Resto del título conferencias de Dartmouth, 1980 /
Mención de responsabilidad, etc. Michel Foucault ; ed. Henri-Paul Fruchaud ; tr. Horacio Pons.
260 ## - PUBLICACIÓN, DISTRIBUCIÓN, ETC.
Lugar de publicación, distribución, etc. México :
Nombre del editor, distribuidor, etc. Siglo XXI,
Fecha de publicación, distribución, etc. 2016.
300 ## - DESCRIPCIÓN FÍSICA
Extensión 156 p.
440 #0 - MENCIÓN DE SERIE/ASIENTO SECUNDARIO--TÍTULO
Título Teoría.
Nombre de parte o sección de la obra Fragmentos foucaultianos
650 #2 - ASIENTO SECUNDARIO DE MATERIA - TERMINO TEMATICO
Término de materia o nombre geográfico como elemento de entrada Subjetividad
9 (RLIN) 5009
650 #4 - ASIENTO SECUNDARIO DE MATERIA - TERMINO TEMATICO
Término de materia o nombre geográfico como elemento de entrada Hermenéutica
9 (RLIN) 5799
700 1# - ASIENTO SECUNDARIO--NOMBRE DE PERSONAL
Nombre de persona Fruchaud, Henri-Paul,
Término indicativo de función/relación ed.
905 ## - TIPO DE MATERIAL
Tipo de material Libro
Holdings
Estado de retiro Estado de pérdida Fuente del sistema de clasificación o colocación Estado dañado No para préstamo Código de colección Localización permanente Ubicación/localización actual Ubicación en estantería Total de préstamos Clasificación Código de barras Fecha visto por última vez Número de copia Tipo de ítem Koha
    Library of Congress Classification     Colección General Bib. Gregorio Torres Quintero Bib. Gregorio Torres Quintero Planta baja 3 BD222 F6.6 320604 31/12/2020 1 Libro
    Library of Congress Classification     Colección General Bib. Gregorio Torres Quintero Bib. Gregorio Torres Quintero Planta baja 5 BD222 F6.6 320605 31/12/2020 1 Libro
    Library of Congress Classification     Colección General Bib. Gregorio Torres Quintero Bib. Gregorio Torres Quintero Planta baja 4 BD222 F6.6 320606 31/12/2020 1 Libro